000 00288nam a22001097a 4500
008 160510b xxu||||| |||| 00| 0 eng d
020 _a0199271992
041 _aeng
080 _a577
245 _aBiochemistry and molecular biology:
_cWilliam H. Elliot; Daphne C. Elliott;
942 _2udc
_cBK
999 _c1954
_d1954